Linia 0 - Piła - Statystyki

Ogólne statystyki
  • Ten quiz został rozwiązany 23 razy
  • Średni wynik to 18 z 26
Statystyki odpowiedzi
Nr. Przystanek % Poprawnych
7. Śniadeckich / Szkoła
89%
11. Al. WP / Poczta
83%
4. Al. Wyzwolenia / Śniadeckich
83%
5. Śniadeckich / Kościół
83%
6. Śniadeckich / Żelazna
83%
26. Lutycka / Pętla
78%
13. Okrzei / Jana Bosko
78%
1. Zbrojna / Pętla
78%
16. Z. Starego / Dworzec PKP
78%
3. Al. Wyzwolenia / Kazimierza Wielkiego
72%
8. Dąbrowskiego / Inwest Park
72%
12. Dzieci Polskich / ZUS
72%
17. Młodych / Komuny Paryskiej
72%
9. Al. Niepodległości / Wodna
67%
14. Okrzei / Kryniczna
67%
15. Okrzei / Rynkowa
67%
18. Roosevelta / Kościół
67%
2. Staropolska / Wenedów
67%
23. Strefowa / Wawelska
67%
25. Wawelska / Giełda
67%
21. Wawelska / Składowa nż
67%
24. Wawelska / Strefowa
67%
20. Wawelska / Tucholska
67%
19. Tucholska / Chałubińskiego
56%
10. Ks. Popiełuszki / SP nr 5
39%
22. Magazynowa / Torowa
28%
Nie znaleziono quizów pasujących do podanych kryteriów
Rozkład punktacji
Procent ludzi z każdym wynikiem
Percentyl według liczby udzielonych odpowiedzi
Twoja historia wyników
Nie rozwiązałeś tego quizu